Don't know much about geography : everything you need to know about the world but never learned

Bibliographic Details
Main Author: Davis, Kenneth C
Format: Book
Published: New York : William Morrow , 1992
Subjects:

MARC

LEADER 00000cam a2200000 7i4500
001 0000001620
002 000001768
005 20000330.0
020 |a 0688103324 
090 0 0 |a 910.76   |b DAV 
100 0 |a Davis, Kenneth C 
245 1 0 |a Don't know much about geography :   |b everything you need to know about the world but never learned   |c Kenneth C. Davis 
260 |a New York :   |b William Morrow ,   |c 1992 
300 |a 384p. ;   |c 24cm. 
650 0 0 |a Geography   |x Miscellanea 
650 0 0 |a Questions and answers 
999 |a 034532   |b BUKU   |c PINJAMAN   |e PERPUSTAKAAN KOMUNITI PETALING JAYA